Countries with Nepalese embassies - Statistics

General Stats
  • This quiz has been taken 89 times
  • The average score is 23 of 28
Answer Stats
Continent Country % Correct
Asia India
97%
Europe United Kingdom
97%
Oceania Australia
96%
North America Canada
96%
Asia China
95%
North America United States of America
95%
Asia/ Europe Russia
93%
Asia Japan
92%
South America Brazil
91%
Europe France
89%
Asia South Korea
88%
Asia Bangladesh
86%
Europe Germany
86%
Asia Pakistan
84%
Asia Saudi Arabia
84%
Africa Egypt
82%
Asia Qatar
81%
Asia United Arab Emirates
80%
Asia Myanmar
78%
Asia Sri Lanka
76%
Europe Denmark
74%
Asia Thailand
73%
Asia Kuwait
72%
Asia Malaysia
72%
Asia Israel
69%
Europe Belgium
65%
Asia Bahrain
59%
Africa South Africa
45%
No matching quizzes found
Score Distribution
Percent of People with Each Score
Percentile by Number Answered
Your Score History
You have not taken this quiz